00465 a2200181 450000100060000002000150000604000240002110000200004524000180006524500130008330000070009636200090010344000120011265000310012494200070015595201040016299900170026670289 a8508058195 cAnchieta - Itaigara aRagache, Gilles10aA Europalpor10aA Europa a480 a1996 1aÁtica 4aLiteratura infanto-juvenil cBK 00104070a88.1b88.1d2023-11-21l0o028.5 RAG EURp3576/ITAr2023-11-21 20:05:15w2023-11-21yBK c70289d70289